000 00192nam a22000857a 4500
999 _c5820
_d5820
082 _a004.22
100 _aHennessy, John L.
245 _aComputer Architecture :A Quantitative Approach
942 _cBK